000 00466nab a2200145Ia 4500
003 ES-SlBCS
005 20210601125508.0
008 140529s2004 xxu||||| |||| 00| 0 eng d
041 _aeng
100 1 _aO'rourke, Fran
_9159307
245 0 0 _aAristotle and the Metaphysics of Evolution
_c Fran O'Rourke
600 0 4 _aAristóteles-Metafísica de la Evolución
_9159308
773 0 _tReview of Methaphysics
_gvol. 58/1, nº. 229, 2004, págs. 3-60
_wRev843
942 _cAR
999 _c531249
_d531249